000 00442nam a2200181Ia 4500
008 221030s9999 xx 000 0 und d
020 _a0074624989
041 _aEnglish
082 _a105.23
_bZba
100 _aP. B. Zbar
245 0 _aBasic Electronics : A Text Lab Manual
_cby P. B. Zbar, A. P. Malvino
250 _a7th
260 _bTMH
_aNew Delhi
_c2002
300 _a381
650 _aECE
700 _aA. P. Malvino
942 _cBK
999 _c8273
_d8273